| 000 | 01090nam a2200289 a 4500 | ||
|---|---|---|---|
| 001 | 000009031 | ||
| 003 | DO-SdBNP | ||
| 005 | 20240412074209.0 | ||
| 007 | ta | ||
| 008 | 090925s1968 dr 000 p spa d | ||
| 040 |
_aDO-SdBNP _bspa _cBNPHU |
||
| 082 | 4 |
_aRD861.42 _bB516zH, 1968 _222 |
|
| 100 | 1 |
_a Bermúdez, Federico, _d1884-1921 _923672 |
|
| 245 | 1 | 4 |
_aLos humildes / _cFederico Bermúdez, Joaquín Balaguer. |
| 260 |
_aSantiago, (República Dominicana) : _bUniversidad Católica Madre y Maestra (UCMM), _c1968. |
||
| 300 |
_a110 p. ; _c19 cm. |
||
| 490 | 1 | _aContemporáneos | |
| 500 | _aIncluye datos biográficos del autor en la contracubierta. | ||
| 500 | _aIncluye crítica e interpretación de la obra de Federico Bermúdez Ortega realizada por Joaquín Balaguer | ||
| 590 | _aInventariado, 2019/VM | ||
| 600 | 1 | 4 |
_a Bermúdez, Federico, _d1884-1921 _xCritica e interpretación _923672 |
| 650 | 4 |
_aPoesía dominicana _966 |
|
| 650 | 0 |
_aLiteratura dominicana. _967 |
|
| 830 | 0 |
_aContemporáneos _96941 |
|
| 910 | _aValidado. Control de calidad. MMOLINA | ||
| 942 |
_2ddc _cLBS1 |
||
| 999 |
_c8795 _d8795 |
||